Statistics for Every Teams Starting QB 2023

Click here to take the quiz!

General Stats

  • This quiz has been taken 22 times
  • The average score is 26 of 32

Answer Stats

HintAnswer% Correct
RavensLamar Jackson
100%
CowboysDak Prescott
94%
LionsJared Goff
94%
BengalsJoe Burrow
94%
BillsJosh Allen
94%
CheifsPatrick Mahomes
94%
BroncosRussel Wilson
94%
PanthersBryce Young
89%
TexansC.J Stroud
89%
EaglesJalen Hurts
89%
PackersJordan Love
89%
BearsJustin Fields
89%
ChargersJustin Herbert
89%
RamsMathew Stafford
89%
DolphinsTua Tagovailoa
89%
JetsZach WIlson
89%
BrownsDeshaun Watson
83%
VikingsKirk Cousins
83%
ColtsAnthony Richardson
78%
BuccaneersBaker Mayfield
78%
49ersBrock Purdy
78%
GiantsDaniel Jones
78%
SaintsDerek Carr
78%
FalconsDesmond Ridder
78%
SeahawksGeno Smith
72%
RaidersJimmy Garoppolo
72%
SteelersKenny Pickett
72%
PatriotsMac Jones
72%
CommandersSam Howell
67%
CardinalsJoshua Dobbs
61%
TitansRyan Tannehill
61%
JaguarsTrevor Laurence
6%

Score Distribution

Percentile by Number Answered

Percent of People with Each Score

Your Score History

You have not taken this quiz